00823nam a2200241 a 450000500170000000800410001702000180005804000270007604100080010304400070011108200190011811000510013724500910018826000730027930000100035265000130036265000310037565000320040665000260043865000210046465000390048571000570052420180803165407.0160115s2008 ck ||||| |||| 00| 0 spa d a9789584430700 aCO-BoIAVH cCO-BoIAVH  aspa ack04a658.567bU58g32 aMedellínbUniversidad Pontificia Bolivariana10aGuía para el manejo integral de residuos : bsector confección, telas y vestuario. aMedellín :bUPB:bArea Metropolitana del Valle de Aburrá,c2008. a73 p.14aResiduos24aAlmacenamiento de residuos24aAprovechamiento de residuos24aResiduos industriales24aIndustria textil24aIndustria de las fabricas textiles aMedellínbArea Metropolitana del Valle de Aburrá